000 00195 a2200097 4500
001 1914
100 _a
245 _aBritish commercial institutions
260 _a
_bHarrap
_c
090 _c1413
_d1413
942 _aNUST-CAE
_c
_c4592
999 _c236987
_d236987